01455nam a2200301 a 4500001001200000003000800012006001900020007001500039008004100054010001700095020002200112040002100134035002000155050002600175245028500201260005500486300003100541504005400572533015200626650006000778650006500838650002100903651003800924655002900962710001700991856012601008999001901134ebr10055511CaPaEBRm u cr cn|||||||||950802s1995 dcuab sb f000 0 eng  z 95070294  z030905334X (pbk.) aCaPaEBRcCaPaEBR a(OCoLC)4232930414aTC424.C2bF564 1995eb00aFlood risk management and the American river basinh[electronic resource] :ban evaluation /cCommittee on Flood Control Alternatives in the American River Basin, Water Science and Technology Board, Commission on Geosciences, Environment, and Resources, National Research Council. aWashington, D.C. :bNational Academy Press,c1995. axii, 235 p. :bill., maps. aIncludes bibliographical references (p. 219-230). aElectronic reproduction.bPalo Alto, Calif. :cebrary,d2013.nAvailable via World Wide Web.nAccess may be limited to ebrary affiliated libraries. 0aFlood damage preventionzCaliforniazSacramento Region. 0aFloodplain managementzCaliforniazAmerican River Watershed. 0aRisk management. 0aAmerican River Watershed (Calif.) 7aElectronic books.2local2 aebrary, Inc.40uhttp://site.ebrary.com/lib/rucke/Doc?id=10055511zAn electronic book accessible through the World Wide Web; click to view c178020d178020